000 00709nam a22002657a 4500
001 0000835
003 KOHA_MİRAKIL
005 20260207001222.0
007 ta
008 081212b2008 tu |||gr||||#||||1|tur |
020 _a9754711208
_cYTL36,534999999999997
040 _aTR-BiSEU
_btur
_cTR-BiSEU
_erda
041 0 _atur
044 _ctu
050 _aPG2112
_b.R87 2008
245 0 _aRusça dilbilgisi.
264 1 _aİstanbul :
_bFono Yayınları
_c2008
300 _a466 sayfa
336 _ametin
_btxt
_2rdacontent
337 _aaracısız
_bn
_2rdamedia
338 _acilt
_bnc
_2rdacarrier
650 0 _aRussian language--Grammar.
_93394
650 0 _aRus dili--Dilbilgisi.
_93395
942 _2lcc
_cBK
999 _c830
_d830